000
00211nam a2200085Ia 4500
008
170617s9999 xx 000 0 und d
100
_a
MAGAZINE- RAJAN
245
0
_a
DRUG 7AND COSMETICS FORMULATIONS
260
_b
N. DELHI- CBS
260
_c
2011
999
_c
15907
_d
15907